000 00854nam a2200265Ia 4500
005 20220316235245.0
008 121119s1998 ve a gr 000 m spa
020 _a9802571342
041 0 _aspa
245 0 0 _aEstaba el señor don gato
_cilustrado por Carmen Salvador
250 _aPrimera edición
264 1 _aCaracas
_bEdiciones Ekare
_c1998
300 _a28 páginas
_bilustraciones
_c16 cm.
336 _atexto
_btxt
_2rdacontent
337 _asin mediación
_bn
_2rdamedia
338 _avolumen
_bnc
_2rdacarrier
490 0 _aLa clave de sol. Canciones tradicionales para cantar y contar
650 1 4 _2LEMB
_aLiteratura infantil
650 1 4 _2LEMB
_aCanciones infantiles
650 1 4 _2LEMB
_aGatos
_vPoesías
700 1 _aSalvador, Carmen
_eilustrador
_95444
942 _2loc
_cBKLIT
040 _aCO-BoRNBP
_bspa
_erda
_cCO-BoRNBP
084 _aP EST1
999 _c397
_d397